Park's textbook of preventive and social medicine / (Record no. 136114)

MARC details
000 -LEADER
fixed length control field 00702nam a22002297a 4500
005 - DATE AND TIME OF LATEST TRANSACTION
control field 20170124110254.0
010 ## - LIBRARY OF CONGRESS CONTROL NUMBER
LC control number B-079557
020 ## - INTERNATIONAL STANDARD BOOK NUMBER
Terms of availability 400.00
International Standard Book Number 8190120256
035 ## - SYSTEM CONTROL NUMBER
System control number B-079557
037 ## - SOURCE OF ACQUISITION
Source of stock number/acquisition Cen Lib/Ret
040 ## - CATALOGING SOURCE
Original cataloging agency DPL
Language of cataloging EN
082 ## - DEWEY DECIMAL CLASSIFICATION NUMBER
Classification number 613
Item number PAR
100 ## - MAIN ENTRY--PERSONAL NAME
Personal name Park, K.
9 (RLIN) 108723
245 ## - TITLE STATEMENT
Title Park's textbook of preventive and social medicine /
Statement of responsibility, etc by K. Park
260 ## - PUBLICATION, DISTRIBUTION, ETC. (IMPRINT)
Name of publisher, distributor, etc M/s Banarsidas Bhanot
Place of publication, distribution, etc Jabalpur
Date of publication, distribution, etc 2002
270 ## - ADDRESS
City Jabalpur
Postal code 482001
Address 1167, prem nagar
300 ## - PHYSICAL DESCRIPTION
Extent 671p.
Dimensions 25cm(Hb)
500 ## - GENERAL NOTE
General note Includes bibliographical references and index
650 ## - SUBJECT ADDED ENTRY--TOPICAL TERM
Topical term or geographic name as entry element Medical sciences
9 (RLIN) 1928
650 ## - SUBJECT ADDED ENTRY--TOPICAL TERM
Topical term or geographic name as entry element Social medicine
9 (RLIN) 108724
942 ## - ADDED ENTRY ELEMENTS (KOHA)
Source of classification or shelving scheme Dewey Decimal Classification
Koha item type English Books
Classification part 613
Call number suffix PAR
Holdings
Withdrawn status Lost status Damaged status Not for loan Home library Current library Date acquired Source of acquisition Cost, normal purchase price Total Checkouts Full call number Barcode Date last seen Copy number Cost, replacement price Price effective from Koha item type
        Central Library Central Library 16/12/2015 Cen Lib/Ret 400.00   613 PAR B-079557 16/12/2015 1 400.00 16/12/2015 English Books

© Delhi Public Library
Hit Counter
free hit counter